| 000 | 00793nam a22002417a 4500 | ||
|---|---|---|---|
| 999 |
_c64542 _d64542 |
||
| 005 | 20240530110737.0 | ||
| 008 | 180904s2008 le a g b 000 0 ara d | ||
| 017 |
_a2007/19043 _bمصر. دار الكتب |
||
| 020 | _a9771440950 | ||
| 040 |
_aEG-CaGPL _cEG-CaGPL |
||
| 082 | 0 | 4 |
_221 _a214\ _bع د |
| 100 | 0 | _aعمرو خالد | |
| 245 | 1 | 0 |
_aدعوة للتعايش / _cعمرو خالد |
| 250 | _aط.1 | ||
| 260 |
_aالقاهرة : _bنهضة مصر للطباعة والنشر والتوزيع، _c2008 . |
||
| 300 |
_a254 ص. ؛ _c24 سم. |
||
| 650 | 0 | 7 |
_2qrmak _aالتعايش |
| 650 | 0 | 7 | _aالمراة فى الاسلام |
| 650 | 0 | 7 |
_aالفتاوى الاسلامية _2qrmak |
| 651 | _2qrmak | ||
| 942 |
_2ddc _cBK |
||